Bài tập cơ sở lý thuyết hoá hữu cơ /

Uloženo v:
Podrobná bibliografie
Hlavní autor: Thái Doãn Tĩnh
Médium: Sách giấy
Jazyk:Vietnamese
Vydáno: H. : Khoa học Kỹ thuật, 2005
Témata:
Tagy: Přidat tag
Žádné tagy, Buďte první, kdo otaguje tento záznam!
Thư viện lưu trữ: Thư viện Trường Đại học Đà Lạt
LEADER 00739nam a2200301 4500
001 DLU060052359
005 ##20060418
040 # # |a DLU  |b vie 
041 # # |a vie 
044 # # |a vn 
082 # # |a 547.007 6  |b TH-T 
100 # # |a Thái Doãn Tĩnh 
245 # # |a Bài tập cơ sở lý thuyết hoá hữu cơ /  |c Thái Doãn Tĩnh 
260 # # |a H. :  |b Khoa học Kỹ thuật,  |c 2005 
300 # # |a 355 tr. ;  |c 27 cm 
653 # # |a Hợp chất hoá học 
653 # # |a Hoá hữu cơ 
653 # # |a Sách bài tập 
923 # # |a 03/2006 
992 # # |a 59.000 
994 # # |a DLU 
900 # # |a True 
911 # # |a Đào Thị Thu Huyền 
925 # # |a G 
926 # # |a A 
927 # # |a SH 
980 # # |a Thư viện Trường Đại học Đà Lạt